<?xml version="1.0" encoding="UTF-8"?>
<record
    xmlns:xsi="http://www.w3.org/2001/XMLSchema-instance"
    xsi:schemaLocation="http://www.loc.gov/MARC21/slim http://www.loc.gov/standards/marcxml/schema/MARC21slim.xsd"
    xmlns="http://www.loc.gov/MARC21/slim">

  <leader>00717nam a22001577a 4500</leader>
  <controlfield tag="003">OSt</controlfield>
  <controlfield tag="005">20151007150647.0</controlfield>
  <controlfield tag="008">151007b        xxu||||| |||| 00| 0 eng d</controlfield>
  <datafield tag="040" ind1=" " ind2=" ">
    <subfield code="c">RUA</subfield>
  </datafield>
  <datafield tag="082" ind1=" " ind2=" ">
    <subfield code="a">AVM MOE 2008 B080 Or.1</subfield>
  </datafield>
  <datafield tag="100" ind1=" " ind2=" ">
    <subfield code="9">2284</subfield>
    <subfield code="a"> MOEK, KIMSRAS.</subfield>
  </datafield>
  <datafield tag="245" ind1=" " ind2=" ">
    <subfield code="a">The impact of forage extension project on cattle raising in prey chhor district, kampong cham province, &#x1794;&#x17D2;&#x179A;&#x179F;&#x17B7;&#x1791;&#x17D2;&#x1792;&#x1797;&#x17B6;&#x1796;&#x1793;&#x17C3;&#x1782;&#x17C6;&#x179A;&#x17C4;&#x1784;&#x1795;&#x17D2;&#x179F;&#x1796;&#x17D2;&#x179C;&#x1795;&#x17D2;&#x179F;&#x17B6;&#x1799;&#x178A;&#x17C6;&#x178E;&#x17B6;&#x17C6;&#x1785;&#x17C6;&#x178E;&#x17B8;&#x179F;&#x178F;&#x17D2;&#x179C;&#x179B;&#x17BE;&#x1780;&#x17B6;&#x179A;&#x1785;&#x17B7;&#x1789;&#x17D2;&#x1785;&#x17B9;&#x1798;&#x1782;&#x17C4;&#x1793;&#x17C5;&#x179F;&#x17D2;&#x179A;&#x17BB;&#x1780;&#x1796;&#x17D2;&#x179A;&#x17C3;&#x1788;&#x179A; &#x1781;&#x17C1;&#x178F;&#x17D2;&#x178F;&#x1780;&#x17C6;&#x1796;&#x1784;&#x17CB;&#x1785;&#x17B6;&#x1798;</subfield>
  </datafield>
  <datafield tag="260" ind1=" " ind2=" ">
    <subfield code="a">Phnom Penh</subfield>
    <subfield code="b">RUA</subfield>
    <subfield code="c">2008</subfield>
  </datafield>
  <datafield tag="300" ind1=" " ind2=" ">
    <subfield code="a">xi; 48p.</subfield>
    <subfield code="b">ill.</subfield>
    <subfield code="c">29cm.</subfield>
  </datafield>
  <datafield tag="942" ind1=" " ind2=" ">
    <subfield code="2">ddc</subfield>
    <subfield code="c">AVM</subfield>
  </datafield>
  <datafield tag="999" ind1=" " ind2=" ">
    <subfield code="c">2154</subfield>
    <subfield code="d">2154</subfield>
  </datafield>
  <datafield tag="952" ind1=" " ind2=" ">
    <subfield code="0">0</subfield>
    <subfield code="1">0</subfield>
    <subfield code="2">ddc</subfield>
    <subfield code="4">0</subfield>
    <subfield code="6">AVM_MOE_2008_000000000000000_B080_OR_1</subfield>
    <subfield code="7">0</subfield>
    <subfield code="9">8882</subfield>
    <subfield code="a">LBB</subfield>
    <subfield code="b">LBB</subfield>
    <subfield code="c">B080</subfield>
    <subfield code="d">2015-10-07</subfield>
    <subfield code="l">1</subfield>
    <subfield code="o">AVM MOE 2008 B080 Or.1</subfield>
    <subfield code="p">RUA008422</subfield>
    <subfield code="r">2019-05-31</subfield>
    <subfield code="s">2019-05-29</subfield>
    <subfield code="w">2015-10-07</subfield>
    <subfield code="y">AVM</subfield>
  </datafield>
  <datafield tag="952" ind1=" " ind2=" ">
    <subfield code="0">0</subfield>
    <subfield code="1">0</subfield>
    <subfield code="2">ddc</subfield>
    <subfield code="4">0</subfield>
    <subfield code="6">AVM_MOE_2008_000000000000000_B080_OR_2</subfield>
    <subfield code="7">0</subfield>
    <subfield code="9">8883</subfield>
    <subfield code="a">LBB</subfield>
    <subfield code="b">LBB</subfield>
    <subfield code="c">B080</subfield>
    <subfield code="d">2015-10-07</subfield>
    <subfield code="l">3</subfield>
    <subfield code="m">1</subfield>
    <subfield code="o">AVM MOE 2008 B080 Or.2</subfield>
    <subfield code="p">RUA007927</subfield>
    <subfield code="r">2025-06-25</subfield>
    <subfield code="s">2025-05-21</subfield>
    <subfield code="w">2015-10-07</subfield>
    <subfield code="y">AVM</subfield>
  </datafield>
  <datafield tag="952" ind1=" " ind2=" ">
    <subfield code="0">0</subfield>
    <subfield code="1">0</subfield>
    <subfield code="2">ddc</subfield>
    <subfield code="4">0</subfield>
    <subfield code="6">AVM_MOE_2008_000000000000000_B080_OR_3</subfield>
    <subfield code="7">0</subfield>
    <subfield code="9">8884</subfield>
    <subfield code="a">LBB</subfield>
    <subfield code="b">LBB</subfield>
    <subfield code="c">B080</subfield>
    <subfield code="d">2015-10-07</subfield>
    <subfield code="o">AVM MOE 2008 B080 Or.3</subfield>
    <subfield code="p">RUA007930</subfield>
    <subfield code="r">2015-10-07</subfield>
    <subfield code="w">2015-10-07</subfield>
    <subfield code="y">AVM</subfield>
  </datafield>
  <datafield tag="952" ind1=" " ind2=" ">
    <subfield code="0">0</subfield>
    <subfield code="1">0</subfield>
    <subfield code="2">ddc</subfield>
    <subfield code="4">0</subfield>
    <subfield code="6">AVM_MOE_2008_000000000000000_B080_OR_4</subfield>
    <subfield code="7">0</subfield>
    <subfield code="9">8885</subfield>
    <subfield code="a">LBB</subfield>
    <subfield code="b">LBB</subfield>
    <subfield code="c">B080</subfield>
    <subfield code="d">2015-10-07</subfield>
    <subfield code="l">2</subfield>
    <subfield code="o">AVM MOE 2008 B080 Or.4</subfield>
    <subfield code="p">RUA008478</subfield>
    <subfield code="r">2021-02-05</subfield>
    <subfield code="s">2021-01-19</subfield>
    <subfield code="w">2015-10-07</subfield>
    <subfield code="y">AVM</subfield>
  </datafield>
  <datafield tag="952" ind1=" " ind2=" ">
    <subfield code="0">0</subfield>
    <subfield code="1">0</subfield>
    <subfield code="2">ddc</subfield>
    <subfield code="4">0</subfield>
    <subfield code="6">AVM_MOE_2008_000000000000000_B080_OR_5</subfield>
    <subfield code="7">0</subfield>
    <subfield code="9">8886</subfield>
    <subfield code="a">LBB</subfield>
    <subfield code="b">LBB</subfield>
    <subfield code="c">B080</subfield>
    <subfield code="d">2015-10-07</subfield>
    <subfield code="o">AVM MOE 2008 B080 Or.5</subfield>
    <subfield code="p">RUA008577</subfield>
    <subfield code="r">2015-10-07</subfield>
    <subfield code="w">2015-10-07</subfield>
    <subfield code="y">AVM</subfield>
  </datafield>
  <datafield tag="952" ind1=" " ind2=" ">
    <subfield code="0">0</subfield>
    <subfield code="1">0</subfield>
    <subfield code="2">ddc</subfield>
    <subfield code="4">0</subfield>
    <subfield code="6">AVM_MOE_2008_000000000000000_B080_OR_6</subfield>
    <subfield code="7">0</subfield>
    <subfield code="9">9486</subfield>
    <subfield code="a">LBB</subfield>
    <subfield code="b">LBB</subfield>
    <subfield code="c">B080</subfield>
    <subfield code="d">2015-10-08</subfield>
    <subfield code="o">AVM MOE 2008 B080 Or.6</subfield>
    <subfield code="p">RUA009894</subfield>
    <subfield code="r">2015-10-08</subfield>
    <subfield code="w">2015-10-08</subfield>
    <subfield code="y">AVM</subfield>
  </datafield>
  <datafield tag="952" ind1=" " ind2=" ">
    <subfield code="0">0</subfield>
    <subfield code="1">0</subfield>
    <subfield code="2">ddc</subfield>
    <subfield code="4">0</subfield>
    <subfield code="6">AVM_MOE_2008_000000000000000_B080_OR_7</subfield>
    <subfield code="7">0</subfield>
    <subfield code="9">9487</subfield>
    <subfield code="a">LBB</subfield>
    <subfield code="b">LBB</subfield>
    <subfield code="c">B080</subfield>
    <subfield code="d">2015-10-08</subfield>
    <subfield code="o">AVM MOE 2008 B080 Or.7</subfield>
    <subfield code="p">RUA025403</subfield>
    <subfield code="r">2015-10-08</subfield>
    <subfield code="w">2015-10-08</subfield>
    <subfield code="y">AVM</subfield>
  </datafield>
  <datafield tag="952" ind1=" " ind2=" ">
    <subfield code="0">0</subfield>
    <subfield code="1">0</subfield>
    <subfield code="2">ddc</subfield>
    <subfield code="4">0</subfield>
    <subfield code="6">AVM_MOE_2008_000000000000000_B080_OR_8</subfield>
    <subfield code="7">0</subfield>
    <subfield code="9">9488</subfield>
    <subfield code="a">LBB</subfield>
    <subfield code="b">LBB</subfield>
    <subfield code="c">B080</subfield>
    <subfield code="d">2015-10-08</subfield>
    <subfield code="o">AVM MOE 2008 B080 Or.8</subfield>
    <subfield code="p">RUA025242</subfield>
    <subfield code="r">2015-10-08</subfield>
    <subfield code="w">2015-10-08</subfield>
    <subfield code="y">AVM</subfield>
  </datafield>
  <datafield tag="952" ind1=" " ind2=" ">
    <subfield code="0">0</subfield>
    <subfield code="1">0</subfield>
    <subfield code="2">ddc</subfield>
    <subfield code="4">0</subfield>
    <subfield code="6">AVM_MOE_2008_000000000000000_B080_OR_9</subfield>
    <subfield code="7">0</subfield>
    <subfield code="9">9489</subfield>
    <subfield code="a">LBB</subfield>
    <subfield code="b">LBB</subfield>
    <subfield code="c">B080</subfield>
    <subfield code="d">2015-10-08</subfield>
    <subfield code="o">AVM MOE 2008 B080 Or.9</subfield>
    <subfield code="p">RUA025006</subfield>
    <subfield code="r">2015-10-08</subfield>
    <subfield code="w">2015-10-08</subfield>
    <subfield code="y">AVM</subfield>
  </datafield>
</record>
